|
|
|
|
| LEADER |
00000cam a22000004a 4500 |
| 001 |
musev2_75737 |
| 003 |
MdBmJHUP |
| 005 |
20230905051825.0 |
| 006 |
m o d |
| 007 |
cr||||||||nn|n |
| 008 |
741106s1975 ncu o 00 0 eng d |
| 010 |
|
|
|z 74026932
|
| 020 |
|
|
|a 9781469657189
|
| 020 |
|
|
|z 1469657171
|
| 020 |
|
|
|z 9781469657172
|
| 020 |
|
|
|z 146965718X
|
| 035 |
|
|
|a (OCoLC)1155238198
|
| 040 |
|
|
|a MdBmJHUP
|c MdBmJHUP
|
| 050 |
0 |
4 |
|a PT1971.U6
|b B7 1975
|
| 082 |
0 |
|
|a 833/.6
|
| 100 |
1 |
|
|a Brown, Jane K.,
|d 1943-
|
| 245 |
1 |
0 |
|a Goethe's Cyclical Narratives :
|b Die Unterhaltungen deutscher Ausgewanderten and Wilhelm Meisters Wanderjahre /
|c by Jane K. Brown.
|
| 264 |
|
1 |
|a Chapel Hill :
|b University of North Carolina Press,
|c 1975.
|
| 264 |
|
3 |
|a Baltimore, Md. :
|b Project MUSE,
|c 2020
|
| 264 |
|
4 |
|c ©1975.
|
| 300 |
|
|
|a 1 online resource.
|
| 336 |
|
|
|a text
|b txt
|2 rdacontent
|
| 337 |
|
|
|a computer
|b c
|2 rdamedia
|
| 338 |
|
|
|a online resource
|b cr
|2 rdacarrier
|
| 490 |
0 |
|
|a University of North Carolina studies in the Germanic languages and literatures ; no. 82
|
| 500 |
|
|
|a Originally presented as the author's thesis, Yale.
|
| 504 |
|
|
|a Bibliography: p. 135-141.
|
| 506 |
0 |
|
|a Open Access
|f Unrestricted online access
|2 star
|
| 588 |
|
|
|a Description based on print version record.
|
| 600 |
1 |
0 |
|a Goethe, Johann Wolfgang von,
|d 1749-1832.
|t Wilhelm Meisters Wanderjahre.
|
| 600 |
1 |
0 |
|a Goethe, Johann Wolfgang von,
|d 1749-1832.
|t Unterhaltungen deutscher Ausgewanderten.
|
| 655 |
|
7 |
|a Electronic books.
|2 local
|
| 740 |
0 |
|
|a Goethe's cyclical narratives ...
|
| 710 |
2 |
|
|a Project Muse.
|e distributor
|
| 830 |
|
0 |
|a University of North Carolina studies in the Germanic languages and literatures ;
|v no. 82.
|
| 830 |
|
0 |
|a Book collections on Project MUSE.
|
| 856 |
4 |
0 |
|z Texto completo
|u https://projectmuse.uam.elogim.com/book/75737/
|